000 00274nam a22001217a 4500
008 180914b xxu||||| |||| 00| 0 eng d
041 _aeng
080 _a616
100 _a9
101 _aPAT
245 _aDiagnostic Methods in Speech Pathology
_cJohnson
942 _2udc
_cBK
999 _c47791
_d47791